000 00633nam a2200253 a 4500
003 AR-BaBNM
005 20251128202803.0
008 082120s2002 ||||||||||||||000 | spa||
040 _cAR-BaBNM
100 1 _aLuft, Renato
245 0 0 _aCapioví
260 _aPosadas
_bMontoya
_c1981
300 _a82 p.
_bil.
504 _aBibliografía p. 79-82
650 4 _aHISTORIA ARGENTINA
650 4 _aCOLONIZACION
650 4 _aGEOGRAFIA REGIONAL
650 4 _aINSTITUCIONES SOCIALES
650 4 _aCOSTUMBRES Y TRADICIONES
651 4 _aMisiones
700 1 _aGuerra, Mario Oscar
_eprologuista
942 _cBK
998 _cCarmen
999 _c573
_d573